Norma Chilena Oficial NCh 2485. Of2000
Bewaard in:
| Coauteurs: | , |
|---|---|
| Formaat: | Boek |
| Taal: | Spaans |
| Gepubliceerd in: |
Santiago
Instituto Nacional de Normalización
2000
|
| Editie: | 1a. ed |
| Onderwerpen: | |
| Tags: |
Voeg label toe
Geen labels, Wees de eerste die dit record labelt!
|
MARC
| LEADER | 00000cam a2200000 a 4500 | ||
|---|---|---|---|
| 001 | UCK5907 | ||
| 003 | CL-VaPUC | ||
| 008 | 050826e20000000CL |||||||||||||||||spa|d | ||
| 082 | 0 | 4 | |a 696.1 |b INS |2 21 |
| 110 | 2 | |a Instituto Nacional de Normalización |e author |9 494968 | |
| 710 | 2 | |a INN |e author |9 494969 | |
| 245 | 1 | 0 | |a Norma Chilena Oficial NCh 2485. Of2000 |
| 246 | 1 | 0 | |a Instalaciones domiciliaras de agua potable - diseño, cálculo y requisitos de las redes interiores |
| 250 | |a 1a. ed | ||
| 300 | |a 16 p | ||
| 942 | |c BK | ||
| 945 | |d 20050826 00:00:00 |a jcarroza | ||
| 260 | |a Santiago |b Instituto Nacional de Normalización |c 2000 | ||
| 650 | 0 | |a Instalaciones sanitarias |9 258060 | |
| 650 | 0 | |a Agua potable |9 260375 | |
| 650 | 7 | |a NORMAS |2 CL-VaPUC |9 259606 | |
| 583 | |a last modification |c 20160512 03:35:13 |k Rodrigo Vera | ||
| 999 | |c 314359 |d 314357 | ||
| 952 | |0 0 |1 0 |3 erb |4 0 |6 696_100000000000000_INS_2000 |7 0 |8 X |9 386457 |a BIBING |b BIBING |i 5286379 |o 696.1 INS 2000 |p 5286379 |r 2025-01-20 |w 2019-11-22 |y BK_X |z Catalogado en:20160512 |k CCL | ||